000 00643nam a2200217 i 4500
001 6781
003 ES-MaACL
005 20250902060224.0
007 t|
008 900531s1989 mx ||||1| spa d
020 _a968-26-1128-8
080 _a658.15(52)
100 1 _aImai, Masaaki.
_965201
245 1 0 _aKaizen
_b: la clave de la ventaja competitiva japonesa /
_cMasaaki Imai.
250 _a1a ed.
260 _aMexico :
_bCompañia Editorial Continental,
_c1989.
300 _a298, [3] p. ;
_c24 cm.
650 1 4 _aGestión de empresas-
_zJapón
_912211
852 _aES-MaACL
_jL-14027
_bR.117629
_z. - cart.
999 _c6781
_d6781